000 01081nam0a22002771 4500
001 rc\788634
005 20250622132914.0
035 _a(NLR Aleph) 006314036
090 _a7382106
_c7382106
100 _a20040301d1984 |||y0rusy50 ca
101 0 _arus
102 _aRU
105 _ay |||||||||
200 1 _aФлора и растительность Нечерноземья и их охрана
210 _aМ.
_cВНИИТЭИСХ
_d1984
215 _a[1], 63 с.
_d21
225 1 _aОбзорная информация
_fВАСХНИЛ, ВНИИ информ. и техн.-экон. исслед. по сел. хоз-ву
300 _aНа обл. авт. не указаны
320 _aБиблиогр.: с. 52-63
700 1 _7ca
_8rus
_aДенисова
_bЛ. В.
_cканд. биол. наук
_gЛариса Васильевна
_9237468
_3RU\NLR\AUTH\770237524
701 1 _aНикитина
_bС.В.
_gСветлана Владимировна
801 0 _aRU
_bNLR
_gpsbo
801 1 _aRU
_bELAR
_2rusmarc
852 _aNLR
_j84-4/25012
942 _cBOOK
980 _aNB